| 000 | 00755nam0a2200253 4500 | ||
|---|---|---|---|
| 001 | RU\NLR\ONL1\14817 | ||
| 005 | 20250613122147.0 | ||
| 035 | _a(NLR Aleph) 009643558 | ||
| 090 |
_a9556231 _c9556231 |
||
| 100 | _a20090722d1934 |||y0rusy50 ca | ||
| 101 | 0 | _amdf | |
| 102 | _aRU | ||
| 105 | _ac ||||||||| | ||
| 200 | 1 |
_aТюрезь сяськсть _fВиард (Ардеев) |
|
| 210 |
_aСаранск _cМордгиз _d1934 |
||
| 215 |
_a56 с. _cпортр. _d17 |
||
| 541 | 1 |
_aБорьбой победили _zrus |
|
| 686 | 1 | _aШ6(2=Морд)7-5 | |
| 700 | 1 |
_aВиард _bВ. И. _gВасилий Иванович _4070 |
|
| 801 | 0 |
_aRU _bNLR _c20090722 _gPSBO |
|
| 852 |
_aNLR _bОНЛ _jМорд.м./2-151 |
||
| 942 | _cBOOK | ||
| 980 | _aNB | ||